00276nam a2200109Ia 4500008004100000041000800041082001500049100001600064245002600080260005200106300000800158220803s9999 xx 000 0 und d aeng a891.46 GOD aGodbole A S aSulabh Hindutva .-2nd b"Bhartiya Vichar Sadhana Prakashan, Pune"c2013 a80p